00866nam a2200253 i 450000100060000000300090000600500170001500700030003200800410003502000180007608000120009410000280010624501170013425000120025126000330026330000220029649000230031865000460034170000330038783000310042085200220045199900170047395201220049092008ES-MaACL20250819165831.0t|050316s1987 sp ||||1| spa d a84-344-0852-X a159.9221 aNicholson, John.98554210aHombres y mujeres : b¿hasta qué punto son diferentes? / cJohn Nicholson ; prólogo de Antonio Guillamón. a1ª ed. aBarcelona : bAriel, c1987. a235 p. ; c22 cm.1 aAriel psicología 7aDiferencias entre los sexos2embne9118871 aGuillamón, Antonio.9607091 aAriel psicología92320204 aES-MaACLjE-10834 c92008d92008 00104070aATENEOMbATENEOMcDEPO2d2008-01-17eSCl0oE-10834p1096068r2023-02-23 00:00:00w2023-02-23yMONOGRAFIA